American headway starter Student book

Kaydedildi:
Detaylı Bibliyografya
Yazar: Soars, John
Diğer Yazarlar: Soars, Liz
Materyal Türü: Kitap
Baskı/Yayın Bilgisi: Oxford Oxford Univ. Press 2002
Konular:
Etiketler: Etiketle
Etiket eklenmemiş, İlk siz ekleyin!
Thư viện lưu trữ: Trung tâm Học liệu Lê Vũ Hùng, Trường Đại học Đồng Tháp
LEADER 00833pam a22003138a 4500
001 00027772
005 20171026081022.0
008 111219s2002 ||||||Engsd
020 # # |a 0 19 435387 8 
041 0 # |a Eng 
082 1 4 |a 428  |b A104H 
100 1 # |a Soars, John 
245 1 0 |c John and Liz Soars  |a American headway starter  |b Student book 
260 # # |a Oxford  |b Oxford Univ. Press  |c 2002 
300 # # |a 138p.  |b ill.  |c 28cm. 
650 # 4 |a Tiếng Anh  |x Ngứ pháp 
653 # # |a Anh ngữ thực hành 
700 1 # |a Soars, John 
700 1 # |a Soars, Liz 
852 # # |b Kho đọc  |j KD.0012226 
852 # # |j KD.0012226 
910 0 # |a Ntuyet  |d 19/12/2011 
980 # # |a Trung tâm Học liệu Lê Vũ Hùng, Trường Đại học Đồng Tháp